000 00490nam a2200181Ia 4500
005 20250326123856.0
008 250326s9999 xx 000 0 und d
037 _aTextbook
040 _aFMSL
_beng
_cFMSL
041 _aeng
_2eng
084 _aS8 K6
_qFMSL
100 _aBackman C W
_9736292
245 0 _aProblems in social psychology
_cBackman C W; Secord P F
260 _aNY
_bNY, McGraw-Hill
_c1966
300 _a481p
942 _cTB
_hS8 K6
999 _c1271301
_d1271301